Methodology and economics : a critical introduction /

Bibliographic Details
Main Author: Pheby, John
Format: Book
Language:English
Published: Basingstoke : Macmillan, 1988.
Subjects:

MARC

Tag First Indicator Second Indicator Subfields
LEADER 00000cam a2200000 a 4500
001 in00000763547
005 20151016171210.0
008 880810s1988 enk b 00110 eng d
010 |a gb 87024712  
015 |a GB87-24712 
020 |a 0333385101 (cased) :  |c £27.50 
020 |a 033338511X (pbk) :  |c £9.50 
035 |a (OCoLC)16078975 
035 |9 ADJ8691AM 
040 |a UKM  |c UKM  |d TXA  |d UtOrBLW 
049 |a TXAM  |c [A12675135] 
050 1 4 |a HB131 
050 4 |a HB131  |b .P43 1988 
082 0 4 |a 330/.01/8  |2 19 
100 1 |a Pheby, John. 
245 1 0 |a Methodology and economics :  |b a critical introduction /  |c John Pheby. 
264 1 |a Basingstoke :  |b Macmillan,  |c 1988. 
300 |a xii, 145 pages ;  |c 22 cm. 
336 |a text  |b txt  |2 rdacontent 
337 |a unmediated  |b n  |2 rdamedia 
338 |a volume  |b nc  |2 rdacarrier 
500 |a Label on page [2] of cover: "Distributed by Sheridan House Inc....Dobbs Ferry, NY." 
504 |a Bibliography: pages 132-139. 
500 |a Includes indexes. 
650 0 |a Economics  |x Methodology. 
999 |a MARS 
999 f f |s a4f3533e-98e3-317a-bd33-250891e7ad05  |i fbc95852-6759-3c46-9704-f92416339b37  |t 0 
952 f f |p ric  |a Texas A&M University  |b Rellis Campus  |c Joint Library Facility  |d Remote Storage  |t 0  |e HB131 .P43 1988  |h Library of Congress classification  |i unmediated -- volume  |m A14812675135 
998 f f |a HB131 .P43 1988  |t 0  |l Remote Storage